Statistieken voor Thailand Trivia Quiz

Klik hier om de quiz te nemen!

Algemene statistieken

  • Deze quiz is 391 keer genomen
  • De gemiddelde score is 12 van 20

Antwoordstatistieken

HintAntwoord% Correct
HoofdstadBangkok
97%
Landen die aan Thailand grenzenMyanmar
89%
Landen die aan Thailand grenzenLaos
88%
Landen die aan Thailand grenzenCambodja
86%
Meest voorkomende religieBoeddhisme
80%
Soort natuurramp die in 2004 toesloegTsunami
80%
Landen die aan Thailand grenzenMaleisië
78%
Meest voorkomende gewasRijst
72%
In Thailand is het een ernstige misdaad om deze persoon te beledigenDe koning
64%
Voormalige naam voor ThailandSiam
56%
Grote rivier aan de oostgrens van ThailandMekong
49%
Valuta van ThailandBaht
47%
Schiereiland waarop Thailand ligtIndochina
42%
Grootste eiland, een groot toeristisch centrumPhuket
42%
Heilig dierWitte {Olifant}
42%
Roerbak van rijstnoedels, ook wel het nationale gerecht van Thailand genoemdPad Thai
36%
Nationale sportThaiboksen
30%
Op één na grootste etnische groepHan-Chinezen
28%
Zee ten westen van ThailandAndamanse Zee
27%
Thaise naam voor de hoofdstad (verkorte versie)Krung Thep
25%

Scoreverdeling

Percentiel versus Aantal Correcte Antwoorden

Procent van Mensen met Elke Score

Uw Scoregeschiedenis

U heeft deze quiz nog niet genomen